|
|
|
|
| LEADER |
00000nab a2200000ua 4500 |
| 001 |
vtls010841731 |
| 003 |
SK-MaSNL |
| 005 |
20260303135842.0 |
| 008 |
230218s1961 xo |||||||||||||||||cze| |
| 035 |
|
|
|a (urnnbn)urn:nbn:sk:snk:ar-a06yov
|
| 035 |
|
|
|a urn:nbn:sk:snk-ab647q
|
| 035 |
|
|
|a (uuid)9ddd15d2-9be2-451b-a249-1994451b974a
|
| 040 |
|
|
|a SNKBUCL
|b slo
|c SNKBUCL
|e AACR2
|
| 041 |
0 |
|
|a cze
|
| 044 |
|
|
|a xo
|c SK
|
| 100 |
1 |
|
|a Zýka, Václav
|4 aut
|9 362571
|
| 245 |
1 |
0 |
|a PŘÍSPĚVEK KE KVANTITATIVNÍ GEOCHEMII MINERÁLNÍCH VOD KARPATSKÉ ČÁSTI ČSSR
|c Václav Zýka, V. Dlabačová, V. S. Andrusovoj
|
| 700 |
1 |
|
|a Dlabačová, Vlasta
|4 trl
|9 80148
|
| 700 |
1 |
|
|a V. S. Andrusovoj
|4 trl
|9 1157599
|
| 773 |
0 |
|
|t Geologický sborník
|g Roč. 12, č. 2 (1961), s. 293-298
|
| 954 |
|
|
|a odborná, vedecká literatúra cudzojazyčná (svetová)
|2 lita
|
| 958 |
|
|
|a OND
|
| 958 |
|
|
|a EUIPO
|
| 958 |
|
|
|a article5
|
| 999 |
|
|
|c 1968360
|d 1970290
|